<?xml version="1.0" encoding="UTF-8"?>
<record
    xmlns:xsi="http://www.w3.org/2001/XMLSchema-instance"
    xsi:schemaLocation="http://www.loc.gov/MARC21/slim http://www.loc.gov/standards/marcxml/schema/MARC21slim.xsd"
    xmlns="http://www.loc.gov/MARC21/slim">

  <leader>00956nam a2200229   4500</leader>
  <controlfield tag="001">014886</controlfield>
  <controlfield tag="003">AR-CdUEA</controlfield>
  <controlfield tag="005">20220326193314.0</controlfield>
  <controlfield tag="008">090912s2005____ag_||||||||||_||||||spa|d</controlfield>
  <datafield tag="020" ind1=" " ind2=" ">
    <subfield code="a">987213362X</subfield>
  </datafield>
  <datafield tag="040" ind1=" " ind2=" ">
    <subfield code="a">AR-CdUEA</subfield>
  </datafield>
  <datafield tag="082" ind1=" " ind2=" ">
    <subfield code="a">707</subfield>
    <subfield code="b">G 216p</subfield>
  </datafield>
  <datafield tag="100" ind1=" " ind2=" ">
    <subfield code="a">Garcia Navarro, Santiago (compilador) et all</subfield>
    <subfield code="9">2263</subfield>
  </datafield>
  <datafield tag="245" ind1="0" ind2="3">
    <subfield code="a">El pez, la bicicleta y la maquina de escribir : </subfield>
    <subfield code="b">un libro sobre el encuentro de espacios y grupos de arte independientes de Am&#xE9;rica Latina y el Caribe / </subfield>
    <subfield code="c">compilado por Santiago Garc&#xED;a Navarro... [et. al.].</subfield>
  </datafield>
  <datafield tag="260" ind1=" " ind2=" ">
    <subfield code="a">Buenos Aires : </subfield>
    <subfield code="b">Fundaci&#xF3;n Proa, </subfield>
    <subfield code="c">2005</subfield>
  </datafield>
  <datafield tag="300" ind1=" " ind2=" ">
    <subfield code="a">124 p. ; </subfield>
    <subfield code="c">22 cm.</subfield>
    <subfield code="b">ill. </subfield>
  </datafield>
  <datafield tag="440" ind1=" " ind2=" ">
    <subfield code="a">Colecci&#xF3;n escritos sobre arte contemporaneo</subfield>
    <subfield code="9">2264</subfield>
  </datafield>
  <datafield tag="500" ind1=" " ind2=" ">
    <subfield code="a">Tipo de documento: LIBRO</subfield>
  </datafield>
  <datafield tag="650" ind1=" " ind2="4">
    <subfield code="a">CRITICA DE ARTE</subfield>
    <subfield code="x">Arte</subfield>
    <subfield code="x">Arte Independiente-Am&#xE9;rica Latina</subfield>
    <subfield code="x">Congreso (encuentro)</subfield>
    <subfield code="9">2265</subfield>
  </datafield>
  <datafield tag="650" ind1=" " ind2="4">
    <subfield code="a">ARTE LATINOAMERICANO</subfield>
    <subfield code="9">2266</subfield>
  </datafield>
  <datafield tag="700" ind1=" " ind2=" ">
    <subfield code="a">Santiago Garcia Navarro (compilador)</subfield>
    <subfield code="9">2267</subfield>
  </datafield>
  <datafield tag="999" ind1=" " ind2=" ">
    <subfield code="c">475</subfield>
    <subfield code="d">475</subfield>
  </datafield>
  <datafield tag="952" ind1=" " ind2=" ">
    <subfield code="0">0</subfield>
    <subfield code="1">0</subfield>
    <subfield code="2">ddc</subfield>
    <subfield code="4">0</subfield>
    <subfield code="7">0</subfield>
    <subfield code="a">LV</subfield>
    <subfield code="b">LV</subfield>
    <subfield code="c">Pensamiento</subfield>
    <subfield code="d">2015-03-20</subfield>
    <subfield code="l">0</subfield>
    <subfield code="o">707 G 216p</subfield>
    <subfield code="p">000445</subfield>
    <subfield code="r">2015-03-20 00:00:00</subfield>
    <subfield code="w">2015-03-20</subfield>
    <subfield code="y">01</subfield>
  </datafield>
</record>
